Statistics for The Colors of Flags of 4 Countries (Colour-in SVG) #2

Click here to take the quiz!

General Stats

  • This quiz has been taken 329 times
  • The average score is 10 of 15

Answer Stats

Section Colour % Correct
Odd-positioned stripesRed
82%
Left-most triangleRed
81%
Even-positioned stripes and starsWhite
79%
Background behind starsBlue
78%
Main BackgroundRed
75%
BorderBlue
71%
SymbolsWhite
70%
Border of left triangleBlack
68%
Middleground triangleYellow
68%
BackgroundGreen
66%
Border of middle triangleWhite
54%
Emblem (not including text)Red
42%
Upper stripeWhite
41%
Background and textYellow
40%
Lower stripeBlack
38%

Score Distribution

Percentile by Number Answered

Percent of People with Each Score

Your Score History

You have not taken this quiz